[Event "SVK-ch U18/20"]
[Site "Tatralandia"]
[Date "2024.04.09"]
[Round "6"]
[White "Piroska, Samuel"]
[Black "Droppa, Kristian"]
[Result "1-0"]
[WhiteElo "1667"]
[BlackElo "1594"]
[PlyCount "83"]
[EventDate "2024.04.05"]
[EventType "swiss"]
[EventRounds "9"]
[EventCountry "SVK"]
[SourceTitle "CB16_2024"]
[SourceDate "2024.04.17"]
[SourceVersion "1"]
[SourceVersionDate "2024.04.17"]
[SourceQuality "1"]

1. d4 Nf6 2. Nf3 d5 3. c3 e6 4. Bf4 c5 5. e3 Qb6 6. Qb3 c4 7. Qxb6 axb6 8. Nbd2 Nc6 9. Be2 b5 10. 0-0 b4 11. Ne5 bxc3 12. bxc3 Nd7 13. Ndf3 Be7 14. Rfb1 Ndxe5 15. Nxe5 Ra3 16. Nxc6 bxc6 17. Rc1 0-0 18. Rc2 Bd7 19. Rb1 Rfa8 20. Rb7 R8a7 21. Rb8+ Bf8 22. Bd6 Ra8 23. Rxf8+ Rxf8 24. Bxa3 Rc8 25. Bb4 f5 26. f4 Kf7 27. a3 h6 28. h4 Kf6 29. Ra2 g5 30. hxg5+ hxg5 31. fxg5+ Kxg5 32. a4 f4 33. exf4+ Kxf4 34. Kf2 e5 35. Bd6 Rg8 36. Bxe5+ Ke4 37. g3 Bc8 38. a5 Ba6 39. Rd2 Rf8+ 40. Bf4 Bb5 41. Bd1 Rh8 42. Bc2# 1-0

[Event "SVK-chT U18"]
[Site "Radava"]
[Date "2022.11.23"]
[Round "5.2"]
[White "Piroska, Samuel"]
[Black "Gay, Lukas"]
[Result "1/2-1/2"]
[WhiteElo "1285"]
[BlackElo "1608"]
[PlyCount "44"]
[EventDate "2022.11.21"]
[EventType "team-swiss"]
[EventRounds "7"]
[EventCountry "SVK"]
[SourceTitle "CBM 211 Extra"]
[Source "ChessBase"]
[SourceDate "2023.01.31"]
[SourceVersion "1"]
[SourceVersionDate "2023.01.31"]
[SourceQuality "1"]
[WhiteTeam "Nitra Chess Academy"]
[BlackTeam "Kosice Reinter"]
[WhiteTeamCountry "SVK"]
[BlackTeamCountry "SVK"]

1. d4 Nf6 2. Nf3 e6 3. Bf4 b6 4. e3 Bb7 5. Nbd2 d6 6. c3 Nbd7 7. Bd3 Qe7 8. e4 e5 9. Bg5 h6 10. Bxf6 Qxf6 11. d5 Be7 12. b4 0-0 13. 0-0 Rfd8 14. Nb3 Nf8 15. a4 Ng6 16. a5 Nf4 17. Ne1 Qg6 18. Qf3 Bc8 19. Qg3 Bg4 20. f3 Bh5 21. Qxg6 Bxg6 22. Bb5 c5 1/2-1/2

[Event "SVK-chT U18"]
[Site "Radava"]
[Date "2022.11.22"]
[Round "3.2"]
[White "Piroska, Samuel"]
[Black "Valko, Michal"]
[Result "0-1"]
[WhiteElo "1285"]
[BlackElo "1862"]
[PlyCount "82"]
[EventDate "2022.11.21"]
[EventType "team-swiss"]
[EventRounds "7"]
[EventCountry "SVK"]
[SourceTitle "CBM 211 Extra"]
[Source "ChessBase"]
[SourceDate "2023.01.31"]
[SourceVersion "1"]
[SourceVersionDate "2023.01.31"]
[SourceQuality "1"]
[WhiteTeam "Nitra Chess Academy"]
[BlackTeam "Humenne Reinter"]
[WhiteTeamCountry "SVK"]
[BlackTeamCountry "SVK"]

1. d4 Nf6 2. Nf3 b6 3. Bf4 Bb7 4. Nbd2 g6 5. e3 Bg7 6. c3 0-0 7. Bd3 d6 8. Qc2 Nbd7 9. e4 Qe8 10. e5 Nd5 11. Bg3 dxe5 12. dxe5 Nc5 13. 0-0 Nxd3 14. Qxd3 e6 15. a3 Ne7 16. h3 Nf5 17. Bh2 c5 18. Ne4 Rd8 19. Qe2 Qc6 20. Rfe1 Qxe4 21. Qxe4 Bxe4 22. Rxe4 Rd5 23. Kf1 Rfd8 24. Ke1 Ne7 25. c4 Rd3 26. b4 Nc6 27. b5 Nd4 28. Nxd4 R8xd4 29. Rxd4 Rxd4 30. f4 Rxc4 31. Kd2 Bh6 32. g3 g5 33. Kd3 Rd4+ 34. Ke3 Kg7 35. Ra2 Kg6 36. Rd2 Ra4 37. Rd3 gxf4+ 38. gxf4 Kf5 39. Rd7 Rxa3+ 40. Kf2 Ra2+ 41. Kg1 Ke4 0-1

[Event "SVK-ch U12"]
[Site "Liptovsky Mikulas"]
[Date "2018.04.27"]
[Round "9"]
[White "Kostelnik, Michal"]
[Black "Piroska, Samuel"]
[Result "1-0"]
[WhiteElo "1000"]
[BlackElo "1232"]
[PlyCount "97"]
[EventDate "2018.04.21"]
[EventType "swiss"]
[EventRounds "9"]
[EventCountry "SVK"]
[SourceTitle "CBM 184 Extra"]
[Source "ChessBase"]
[SourceDate "2018.06.28"]
[SourceVersion "1"]
[SourceVersionDate "2018.06.28"]
[SourceQuality "1"]

1. e4 e5 2. Nf3 Nc6 3. d4 exd4 4. Nxd4 Bc5 5. Be3 Qf6 6. c3 Nge7 7. Bc4 0-0 8. 0-0 Bxd4 9. cxd4 Qg6 10. Qf3 d6 11. h3 Kh8 12. Nd2 f5 13. exf5 Rxf5 14. Qe2 Rh5 15. Qf3 Bxh3 16. Bf7 Bxg2 17. Bxg6 Bxf3 18. Bxh5 Bxh5 19. Rac1 d5 20. a3 a5 21. Ra1 Bf7 22. Rfe1 Ng6 23. b4 axb4 24. axb4 Rxa1 25. Rxa1 Nxb4 26. Ra7 Nc2 27. Rxb7 Nxe3 28. fxe3 h5 29. Rxc7 Be6 30. e4 Kh7 31. exd5 Bxd5 32. Rc5 Nf4 33. Nc4 h4 34. Ne3 Be4 35. Kh2 g6 36. d5 g5 37. d6 Ne6 38. Re5 Bc6 39. Rxe6 h3 40. d7 Bxd7 41. Re7+ Kg6 42. Rxd7 Kh5 43. Kxh3 Kg6 44. Kg4 Kf6 45. Rd5 Ke6 46. Rxg5 Kd6 47. Kf4 Ke6 48. Rh5 Kd6 49. Ke4 1-0

[Event "SVK-ch U12"]
[Site "Liptovsky Mikulas"]
[Date "2018.04.23"]
[Round "4"]
[White "Babjarcik, Tobias"]
[Black "Piroska, Samuel"]
[Result "0-1"]
[WhiteElo "1184"]
[BlackElo "1232"]
[PlyCount "58"]
[EventDate "2018.04.21"]
[EventType "swiss"]
[EventRounds "9"]
[EventCountry "SVK"]
[SourceTitle "CBM 184 Extra"]
[Source "ChessBase"]
[SourceDate "2018.06.28"]
[SourceVersion "1"]
[SourceVersionDate "2018.06.28"]
[SourceQuality "1"]

1. e4 e5 2. d4 exd4 3. Qxd4 Nc6 4. Qe3 b6 5. Nc3 Bc5 6. Qe2 d6 7. Bd2 a5 8. 0-0-0 Ba6 9. Qf3 Nd4 10. Qg3 Ne6 11. Bxa6 Rxa6 12. Be3 Bxe3+ 13. Qxe3 Ne7 14. f4 0-0 15. f5 Nc5 16. g4 Qa8 17. g5 Nxf5 18. exf5 Qxh1 19. Nf3 Qg2 20. Rg1 Qh3 21. Qf4 Ne6 22. fxe6 fxe6 23. Qc4 Qxf3 24. Qxa6 Qe3+ 25. Kd1 Qxg1+ 26. Kd2 Qxh2+ 27. Ne2 Qe5 28. Qc4 Qxg5+ 29. Kc3 Qc5 0-1

[Event "SVK-ch U12"]
[Site "Liptovsky Mikulas"]
[Date "2018.04.22"]
[Round "3"]
[White "Piroska, Samuel"]
[Black "Volanek, Maros"]
[Result "1-0"]
[WhiteElo "1232"]
[BlackElo "1133"]
[PlyCount "83"]
[EventDate "2018.04.21"]
[EventType "swiss"]
[EventRounds "9"]
[EventCountry "SVK"]
[SourceTitle "CBM 184 Extra"]
[Source "ChessBase"]
[SourceDate "2018.06.28"]
[SourceVersion "1"]
[SourceVersionDate "2018.06.28"]
[SourceQuality "1"]

1. e4 e5 2. Nf3 Nf6 3. Nxe5 d6 4. Nf3 Nxe4 5. d4 d5 6. Bd3 Bf5 7. Qe2 Be7 8. 0-0 0-0 9. Bxe4 Bxe4 10. Nc3 f5 11. Bf4 a6 12. Rfe1 Nc6 13. Rad1 Rc8 14. Ne5 Nxe5 15. Bxe5 Bd6 16. Bxd6 Qxd6 17. f3 c6 18. fxe4 fxe4 19. Rf1 Qb4 20. Rxf8+ Rxf8 21. Nb1 Qxb2 22. a3 Rf6 23. h3 e3 24. Qxe3 Qxc2 25. Qd2 Qf5 26. Nc3 Rg6 27. Qe2 h6 28. Kh1 Rg3 29. Qb2 Qf6 30. Na4 b5 31. Nc5 a5 32. a4 b4 33. Nb7 Ra3 34. Ra1 Rd3 35. Nxa5 Rxd4 36. Qc1 b3 37. Nxb3 Rc4 38. Qa3 d4 39. a5 Rc3 40. a6 d3 41. a7 Rxb3 42. a8Q+ 1-0

[Event "Bratislava U16 op 43rd"]
[Site "Bratislava"]
[Date "2016.08.20"]
[Round "4"]
[White "Cizmar, Tomas"]
[Black "Piroska, Samuel"]
[Result "0-1"]
[WhiteElo "1000"]
[BlackElo "1000"]
[PlyCount "80"]
[EventDate "2016.08.19"]
[EventType "swiss"]
[EventRounds "7"]
[EventCountry "SVK"]
[SourceTitle "CBM 174 Extra"]
[Source "ChessBase"]
[SourceDate "2016.10.10"]
[SourceVersion "1"]
[SourceVersionDate "2016.10.10"]
[SourceQuality "1"]

1. e4 e5 2. Nf3 Nc6 3. Bc4 Nf6 4. Nc3 Bb4 5. d3 Bxc3+ 6. bxc3 d5 7. exd5 Nxd5 8. Qe2 Nxc3 9. Qd2 Nd5 10. 0-0 Bg4 11. Re1 Bxf3 12. d4 Bg4 13. dxe5 Be6 14. Ba3 Qd7 15. Qg5 g6 16. Qh6 0-0-0 17. h3 Nde7 18. Red1 Qxd1+ 19. Rxd1 Rxd1+ 20. Bf1 Nf5 21. Qf4 Rhd8 22. g4 R8d4 23. Qf3 Nxe5 24. Qe2 f6 25. gxf5 Bxf5 26. Bb2 R4d2 27. Qb5 c6 28. Qc5 Nd7 29. Qe7 Bxh3 30. Bxf6 Rxf1+ 31. Kh2 Rdxf2+ 32. Kxh3 Rxf6 33. Qxh7 Rh1+ 34. Kg2 Rxh7 35. Kg3 Rhf7 36. Kg4 g5 37. Kxg5 Rg7+ 38. Kh5 Rf1 39. Kh6 Rg2 40. Kh5 Rh1# 0-1

[Event "Bratislava U16 op 43rd"]
[Site "Bratislava"]
[Date "2016.08.19"]
[Round "1"]
[White "Piroska, Samuel"]
[Black "Strelbitska, Alexandra"]
[Result "0-1"]
[WhiteElo "1000"]
[BlackElo "1435"]
[PlyCount "104"]
[EventDate "2016.08.19"]
[EventType "swiss"]
[EventRounds "7"]
[EventCountry "SVK"]
[SourceTitle "CBM 174 Extra"]
[Source "ChessBase"]
[SourceDate "2016.10.10"]
[SourceVersion "1"]
[SourceVersionDate "2016.10.10"]
[SourceQuality "1"]

1. e4 c5 2. Nf3 d6 3. Bc4 e6 4. Nc3 Nf6 5. d3 Be7 6. Bb5+ Bd7 7. Bxd7+ Nbxd7 8. 0-0 0-0 9. Ne2 e5 10. Ng3 d5 11. Re1 d4 12. c3 Ne8 13. Nf5 f6 14. Nd2 Nd6 15. Nxd6 Bxd6 16. Qb3+ Rf7 17. Qxb7 Nb6 18. Qc6 a6 19. Nc4 Nxc4 20. dxc4 Bf8 21. f4 Raa7 22. Bd2 dxc3 23. Bxc3 exf4 24. Rad1 Qc7 25. Qxc7 Raxc7 26. Rd2 Rcd7 27. Red1 Rxd2 28. Rxd2 Re7 29. Kf2 Rxe4 30. b3 Kf7 31. Kf3 Re3+ 32. Kxf4 Rxc3 33. Re2 Bd6+ 34. Kf5 g6+ 35. Kg4 Bxh2 36. Re1 Rg3+ 37. Kf4 Rxg2+ 38. Kf3 Rxa2 39. Re2 Rxe2 40. Kxe2 h5 41. Kf2 a5 42. Kg2 Bd6 43. Kf3 g5 44. Kg2 h4 45. Kh3 f5 46. Kg2 g4 47. Kf2 h3 48. Kg1 g3 49. Kf1 h2 50. Kg2 f4 51. Kh1 f3 52. b4 g2# 0-1

[Event "SVK-ch U10"]
[Site "Tatralandia"]
[Date "2015.04.25"]
[Round "9"]
[White "Riebesam, Norbert"]
[Black "Piroska, Samuel"]
[Result "1-0"]
[WhiteElo "1000"]
[BlackElo "1000"]
[PlyCount "103"]
[EventDate "2015.04.18"]
[EventType "swiss"]
[EventRounds "9"]
[EventCountry "SVK"]
[SourceTitle "CBM 166 Extra"]
[Source "ChessBase"]
[SourceDate "2015.06.18"]
[SourceVersion "1"]
[SourceVersionDate "2015.06.18"]
[SourceQuality "1"]

1. e4 e5 2. Bc4 Nf6 3. Nf3 Nc6 4. Ng5 h6 5. Nxf7 Qe7 6. Nxh8 g5 7. Bf7+ Kd8 8. Nc3 Bg7 9. Nd5 Qf8 10. Nxf6 Bxf6 11. Bd5 Qxh8 12. Bxc6 dxc6 13. d3 h5 14. Rg1 Bg4 15. f3 Be6 16. g4 Be7 17. gxh5 Qxh5 18. Qd2 Qh4+ 19. Rg3 Kc8 20. Qf2 Bb4+ 21. c3 Bc5 22. Qxc5 Qxh2 23. Qf8+ Kd7 24. Qg7+ Ke8 25. Qxe5 Ke7 26. Qxg5+ Kd7 27. Rg2 Rg8 28. Rxh2 Rxg5 29. Bxg5 b6 30. Bf4 Kc8 31. Kd2 Kb7 32. Rh7 Bg8 33. Rxc7+ Ka6 34. c4 b5 35. Rxc6+ Kb7 36. Rh6 bxc4 37. dxc4 Bxc4 38. Bd6 a5 39. e5 a4 40. e6 Bxe6 41. Rxe6 Kc6 42. Bg3+ Kd5 43. Re5+ Kc6 44. f4 a3 45. bxa3 Kd6 46. f5 Kd7 47. Rc1 Kd6 48. f6 Kd7 49. f7 Kd6 50. f8Q+ Kd7 51. Qf7+ Kd6 52. Qe6# 1-0

[Event "SVK-ch U10"]
[Site "Tatralandia"]
[Date "2015.04.23"]
[Round "7"]
[White "Cmil, Samuel"]
[Black "Piroska, Samuel"]
[Result "1-0"]
[WhiteElo "1000"]
[BlackElo "1000"]
[PlyCount "141"]
[EventDate "2015.04.18"]
[EventType "swiss"]
[EventRounds "9"]
[EventCountry "SVK"]
[SourceTitle "CBM 166 Extra"]
[Source "ChessBase"]
[SourceDate "2015.06.18"]
[SourceVersion "1"]
[SourceVersionDate "2015.06.18"]
[SourceQuality "1"]

1. d4 d5 2. c4 Nc6 3. Nf3 Bg4 4. Nbd2 e6 5. a3 Nf6 6. h3 Bxf3 7. Nxf3 Bd6 8. c5 Be7 9. e3 a6 10. Be2 Qd7 11. Bd2 b5 12. b4 0-0-0 13. Qb3 h5 14. 0-0-0 Ne4 15. Rhf1 f6 16. Qa2 e5 17. a4 Rdg8 18. axb5 axb5 19. Qa8+ Nb8 20. c6 Qxc6+ 21. Qxc6 Nxc6 22. Bxb5 Kd7 23. Bxc6+ Kxc6 24. dxe5 fxe5 25. Nxe5+ Kd6 26. Nf7+ Ke6 27. Nxh8 Rxh8 28. f3 Ng3 29. Rf2 Bh4 30. f4 Nh1 31. Rf3 Nf2 32. Rf1 Rc8 33. g3 Nd3+ 34. Kc2 Bf6 35. Kxd3 Ra8 36. f5+ Kd6 37. Rc1 Ra3+ 38. Bc3 Bxc3 39. Rxc3 Rxc3+ 40. Kxc3 c5 41. f6 cxb4+ 42. Kxb4 gxf6 43. Rxf6+ Ke5 44. g4 hxg4 45. Rf4 gxh3 46. Rh4 d4 47. exd4+ Kd5 48. Rxh3 Kxd4 49. Rc3 Ke5 50. Rd3 Ke4 51. Rd8 Ke5 52. Kc5 Ke4 53. Rd7 Ke5 54. Re7+ Kf6 55. Re1 Kf5 56. Kd4 Kf6 57. Kd5 Kf5 58. Rf1+ Kg4 59. Ke4 Kg5 60. Rf8 Kg6 61. Ke5 Kg7 62. Rf1 Kg6 63. Rf2 Kg7 64. Ke6 Kg6 65. Rg2+ Kh5 66. Rg8 Kh4 67. Kf5 Kh3 68. Kf4 Kh2 69. Kf3 Kh1 70. Kf2 Kh2 71. Rh8# 1-0

[Event "SVK-ch U10"]
[Site "Tatralandia"]
[Date "2015.04.18"]
[Round "1"]
[White "Piroska, Samuel"]
[Black "Gulas, Gabriel"]
[Result "0-1"]
[WhiteElo "1000"]
[BlackElo "1231"]
[PlyCount "58"]
[EventDate "2015.04.18"]
[EventType "swiss"]
[EventRounds "9"]
[EventCountry "SVK"]
[SourceTitle "CBM 166 Extra"]
[Source "ChessBase"]
[SourceDate "2015.06.18"]
[SourceVersion "1"]
[SourceVersionDate "2015.06.18"]
[SourceQuality "1"]

1. e4 c5 2. Nf3 Nc6 3. Bb5 d6 4. 0-0 Bd7 5. Nc3 Nf6 6. d3 e6 7. Bg5 Be7 8. a4 a6 9. Bc4 0-0 10. d4 Qc7 11. d5 exd5 12. Bxd5 Bg4 13. h3 Bh5 14. g4 Bg6 15. b3 Qd8 16. Qd3 Nxd5 17. Qxd5 Nb4 18. Qxb7 Bxg5 19. Nxg5 Qxg5 20. f3 Qe3+ 21. Kh1 Qxc3 22. Qd7 Rad8 23. Qa7 Qxc2 24. Rac1 Qxb3 25. Ra1 c4 26. Qf2 Nd3 27. Rfb1 Nxf2+ 28. Kg1 Qxf3 29. Rf1 Qg3# 0-1